[Event "Air Force ch"]
[Site "?"]
[Date "1988.??.??"]
[Round "9"]
[White "Barcarola, L."]
[Black "Lank, J."]
[Result "1-0"]
[WhiteElo "2155"]
[BlackElo "2090"]
[PlyCount "41"]
[EventDate "1988.??.??"]

1. e4 c6 2. d4 d5 3. Nc3 dxe4 4. Nxe4 Nd7 5. Bc4 Ngf6 6. Nxf6+ Nxf6 7. Nf3 Bg4
8. Bxf7+ Kxf7 9. Ne5+ Kg8 10. Nxg4 Qd7 11. Ne5 Qd5 12. O-O Rd8 13. Be3 h5 14.
Qf3 Qe6 15. c3 h4 16. g4 hxg3 17. fxg3 Rd5 18. Ng6 Rxh2 $2 19. Kxh2 Rh5+ 20.
Kg1 Qh3 21. Qg2 1-0

[Event "1991 Armed Forces Ch"]
[Site "?"]
[Date "1991.??.??"]
[Round "8"]
[White "McMahon, D."]
[Black "Barcarola, L."]
[Result "1-0"]
[WhiteElo "2020"]
[BlackElo "2160"]
[PlyCount "43"]
[EventDate "1991.??.??"]

1. e4 e5 2. f4 exf4 3. Nf3 d6 4. d4 g5 5. h4 g4 6. Ng1 Bh6 7. Ne2 Qf6 8. g3 f3
9. Nf4 Ne7 10. Nc3 c6 11. Be3 Nd7 12. Qd2 Bxf4 13. Bxf4 d5 14. O-O-O h5 15. Bg5
Qd6 16. exd5 Nxd5 17. Re1+ Kf8 18. Nxd5 Qxd5 19. Bh6+ Kg8 20. Re8+ Kh7 21. Bd3+
f5 22. Re7+ 1-0

[Event "Air Force ch"]
[Site "?"]
[Date "1988.??.??"]
[Round "8"]
[White "Hill, L."]
[Black "Moore, B."]
[Result "1/2-1/2"]
[WhiteElo "2185"]
[BlackElo "2270"]
[PlyCount "44"]
[EventDate "1988.??.??"]

1. e4 c5 2. d3 Nc6 3. Nd2 d5 4. Ngf3 e5 5. g3 Nf6 6. Bg2 Be7 7. O-O O-O 8. exd5
Nxd5 9. Nc4 Bf6 10. Re1 Re8 11. Ne3 Be6 12. Nxd5 Bxd5 13. Be3 Qd6 14. Qd2 Rad8
15. a3 b6 16. Rad1 h6 17. Qc1 Re7 18. Nd2 Bxg2 19. Kxg2 Qd5+ 20. Ne4 Nd4 21. f3
Re6 22. Bxd4 cxd4 1/2-1/2

[Event "Air Force ch"]
[Site "?"]
[Date "1992.??.??"]
[Round "3"]
[White "Echaure, S."]
[Black "Moore, B."]
[Result "1/2-1/2"]
[WhiteElo "2075"]
[BlackElo "2260"]
[PlyCount "43"]
[EventDate "1992.??.??"]

1. d4 Nf6 2. c4 g6 3. Nc3 Bg7 4. e4 d6 5. Be2 O-O 6. Bg5 c5 7. d5 Qa5 8. Qd2 a6
9. f3 e6 10. Nh3 exd5 11. exd5 Bxh3 12. gxh3 Re8 13. O-O Nbd7 14. Rae1 Qc7 15.
Kh1 Re7 16. Bd3 Rae8 17. Rxe7 Rxe7 18. f4 Qd8 19. f5 Qe8 20. fxg6 hxg6 21. Bf4
Ne5 22. Bg5 1/2-1/2

[Event "1990 Armed Forces ch"]
[Site "?"]
[Date "1990.??.??"]
[Round "1"]
[White "Crook, C."]
[Black "Rivera, N."]
[Result "1-0"]
[WhiteElo "1980"]
[BlackElo "2145"]
[PlyCount "43"]
[EventDate "1990.??.??"]

1. Nc3 b6 2. f4 Bb7 3. e4 g6 4. Nf3 Bg7 5. g3 Bxc3 6. dxc3 Bxe4 7. Bg2 Nc6 8.
O-O Nf6 9. Ne5 Bxg2 10. Kxg2 h5 11. Qf3 Kf8 12. Nxc6 dxc6 13. Qxc6 h4 14. f5
hxg3 15. fxg6 Qc8 16. hxg3 Qh3+ 17. Kf2 Qf5+ 18. Kg1 Qxg6 19. Qxa8+ Kg7 20. Qg2
Ng4 21. Rf4 Rh2 22. Qe4 1-0

[Event "1990 Armed Forces ch"]
[Site "?"]
[Date "1990.??.??"]
[Round "3"]
[White "Crook, C."]
[Black "MacArthur, J."]
[Result "0-1"]
[WhiteElo "1980"]
[BlackElo "2175"]
[PlyCount "44"]
[EventDate "1990.??.??"]

1. Nc3 e5 2. e4 Nf6 3. Bc4 Bc5 4. d3 O-O 5. f4 d6 6. Nf3 Bg4 7. Na4 Nc6 8. Nxc5
dxc5 9. h3 Bxf3 10. Qxf3 Nd4 11. Qf2 exf4 12. Bxf4 b5 13. Bb3 c4 14. dxc4 Nxe4
15. Qe3 Nf5 16. Qxe4 Re8 17. Be5 Ng3 18. Qg4 Rxe5+ 19. Kf2 Nxh1+ 20. Rxh1 Qd2+
21. Kg1 Re1+ 22. Kh2 Qd6+ 0-1

[Event "1990 Armed Forces ch"]
[Site "?"]
[Date "1990.??.??"]
[Round "5"]
[White "Whitten, J."]
[Black "MacArthur, J."]
[Result "1-0"]
[WhiteElo "2075"]
[BlackElo "2175"]
[PlyCount "45"]
[EventDate "1990.??.??"]

1. d4 Nf6 2. c4 c5 3. d5 b5 4. cxb5 a6 5. Nc3 g6 6. Nf3 Bg7 7. e4 axb5 8. e5
Ng4 9. Bf4 b4 10. Ne4 O-O 11. Bc4 d6 12. exd6 Ba6 13. Bxa6 Nxa6 14. O-O exd6
15. Qd2 Nf6 16. Nxd6 Nh5 17. Nc4 Nxf4 18. Qxf4 Qxd5 19. Nb6 Qb7 20. Nxa8 Rxa8
21. Rab1 Nc7 22. Rfd1 Rxa2 23. Rd7 1-0

[Event "Air Force ch"]
[Site "?"]
[Date "1989.??.??"]
[Round "8"]
[White "Shown, E."]
[Black "Moore, B."]
[Result "1/2-1/2"]
[WhiteElo "1990"]
[BlackElo "2265"]
[PlyCount "45"]
[EventDate "1989.??.??"]

1. Nf3 Nf6 2. g3 g6 3. Bg2 Bg7 4. O-O O-O 5. d4 d6 6. c4 c6 7. Nc3 Qa5 8. e4 e5
9. d5 Bd7 10. Qd3 Na6 11. a3 cxd5 12. exd5 Bf5 13. Qe2 Nb4 14. Rd1 Nc2 15. Ra2
Qb6 16. b4 e4 17. Ne1 Nd4 18. Qf1 Bg4 19. Na4 Qa6 20. Rxd4 Qxa4 21. h3 Bf5 22.
Be3 Qb3 23. Rdd2 1/2-1/2

[Event "Air Force ch"]
[Site "?"]
[Date "1991.??.??"]
[Round "4"]
[White "Richey, C."]
[Black "Wall, B."]
[Result "0-1"]
[WhiteElo "2115"]
[BlackElo "2065"]
[PlyCount "46"]
[EventDate "1991.??.??"]

1. e4 c5 2. c3 d5 3. e5 e6 4. d4 Nc6 5. f4 Qb6 6. Nf3 Bd7 7. g3 Be7 8. Bh3 Rc8
9. dxc5 Bxc5 10. Qd3 $6 {10.Qe2 (H. Jones)} Bf2+ 11. Kf1 Nxe5 12. Nxe5 Bb5 13.
c4 Rxc4 14. Kg2 Rxc1 15. Qb3 Be1 $1 16. Bg4 Qf2+ 17. Kh3 Bf1+ 18. Kh4 Qxf4 19.
Rxf1 Qxf1 20. Nd3 g5+ $1 21. Kh5 Qf6 22. Be2 Qg6+ 23. Kg4 Qf5+ 0-1

[Event "Air Force ch"]
[Site "?"]
[Date "1991.??.??"]
[Round "7"]
[White "Moore, B."]
[Black "Barcarola, L."]
[Result "1/2-1/2"]
[WhiteElo "2270"]
[BlackElo "2110"]
[PlyCount "46"]
[EventDate "1991.??.??"]

1. e4 c5 2. d4 cxd4 3. c3 dxc3 4. Nxc3 Nc6 5. Nf3 e6 6. Bc4 a6 7. O-O Bc5 8.
Bf4 b5 9. Bb3 Nge7 10. e5 Ng6 11. Bg3 O-O 12. h4 Re8 13. Bc2 Be7 14. Ne4 Nb4
15. Bb1 Nd5 16. Nfg5 Bxg5 17. hxg5 Rf8 18. Qh5 Bb7 19. Rd1 Rc8 20. Nd6 Rc7 21.
Be4 Ndf4 22. Bxf4 Bxe4 23. Nxe4 Nxf4 1/2-1/2

[Event "1991 Armed Forces Ch"]
[Site "?"]
[Date "1991.??.??"]
[Round "11"]
[White "McMahon, D."]
[Black "Langreck, J."]
[Result "0-1"]
[WhiteElo "2020"]
[BlackElo "2040"]
[PlyCount "46"]
[EventDate "1991.??.??"]

1. e4 e5 2. f4 Nf6 3. d4 Nxe4 4. Nf3 exd4 5. Qe2 d5 6. Nxd4 Bc5 7. c3 O-O 8. g3
Nc6 9. Be3 Re8 10. Nd2 Nxd2 11. Kxd2 Nxd4 12. cxd4 Bxd4 13. Bxd4 Rxe2+ 14. Bxe2
b6 15. Bf3 c5 16. Bf2 Bb7 17. Rhe1 Qd7 18. Re5 Re8 19. Rae1 Rxe5 20. Rxe5 Kf8
21. b3 Qh3 22. Ke1 Ba6 23. Kd2 Qf1 0-1

[Event "Air Force ch"]
[Site "?"]
[Date "1989.??.??"]
[Round "6"]
[White "Lankey, B."]
[Black "Moore, B."]
[Result "1/2-1/2"]
[WhiteElo "2230"]
[BlackElo "2265"]
[PlyCount "46"]
[EventDate "1989.??.??"]

1. d4 Nf6 2. c4 g6 3. Nc3 d5 4. cxd5 Nxd5 5. e4 Nxc3 6. bxc3 Bg7 7. Bc4 c5 8.
Be3 Qa5 9. Qd2 cxd4 10. cxd4 Qxd2+ 11. Kxd2 Nc6 12. Ne2 O-O 13. Rab1 Rd8 14.
Bd5 e6 15. Bxc6 bxc6 16. Rhc1 e5 17. Rxc6 exd4 18. Bg5 Re8 19. Kd3 Be6 20. Nxd4
Bxa2 21. Ra1 Be6 22. Rca6 h6 23. Be3 Rac8 1/2-1/2

[Event "1991 Armed Forces Ch"]
[Site "?"]
[Date "1991.??.??"]
[Round "10"]
[White "Langreck, J."]
[Black "McCalmont, J."]
[Result "1/2-1/2"]
[WhiteElo "2060"]
[BlackElo "2140"]
[PlyCount "46"]
[EventDate "1991.??.??"]

1. e4 c5 2. Nf3 e6 3. d4 cxd4 4. Nxd4 a6 5. Bd3 Qc7 6. O-O Nc6 7. Nxc6 bxc6 8.
Qe2 d5 9. exd5 cxd5 10. c4 dxc4 11. Bxc4 Nf6 12. Nc3 Be7 13. b3 O-O 14. Bb2 Bb7
15. Bd3 Bd6 16. g3 Qc6 17. f3 Rac8 18. Ne4 Nxe4 19. Bxe4 Qb6+ 20. Kg2 Rfd8 21.
Bxb7 Qxb7 22. Rac1 Be7 23. Rxc8 Qxc8 1/2-1/2

[Event "Air Force ch"]
[Site "?"]
[Date "1988.??.??"]
[Round "1"]
[White "Dean, M."]
[Black "Echaure, S."]
[Result "1-0"]
[WhiteElo "2205"]
[BlackElo "2075"]
[PlyCount "45"]
[EventDate "1988.??.??"]

1. Nf3 Nf6 2. c4 d5 3. cxd5 Nxd5 4. d4 g6 5. e4 Nb6 6. Nc3 Bg7 7. Be3 Bg4 8.
Be2 Nc6 9. d5 Bxf3 10. gxf3 Ne5 11. f4 Ned7 12. e5 O-O 13. h4 e6 14. dxe6 fxe6
15. h5 g5 16. h6 Bh8 17. Rg1 Rf5 18. Bd3 Nxe5 19. Bxf5 Qxd1+ 20. Kxd1 Rd8+ 21.
Ke2 exf5 22. fxe5 g4 23. f4 1-0

[Event "Air Force ch"]
[Site "?"]
[Date "1992.??.??"]
[Round "8"]
[White "Waldowski, P."]
[Black "McCalmont, J."]
[Result "1/2-1/2"]
[WhiteElo "2135"]
[BlackElo "2185"]
[PlyCount "48"]
[EventDate "1992.??.??"]

1. e4 c5 2. c3 d5 3. exd5 Qxd5 4. d4 Nc6 5. Nf3 Bg4 6. Be2 cxd4 7. cxd4 e6 8.
Nc3 Qa5 9. O-O Nf6 10. Re1 Be7 11. h3 Bh5 12. Be3 O-O 13. a3 Nd5 14. Ne4 Nxe3
15. fxe3 Bg6 16. b4 Qh5 17. Ng3 Qh6 18. Qb3 Bd6 19. Nf1 Be4 20. N1d2 Bg6 21.
Red1 Rac8 22. Rac1 Rfd8 23. Rc3 Ne7 24. Rxc8 Rxc8 1/2-1/2

[Event "1990 Armed Forces ch"]
[Site "?"]
[Date "1990.??.??"]
[Round "2"]
[White "Murillo, M."]
[Black "Whitten, J."]
[Result "1/2-1/2"]
[WhiteElo "2230"]
[BlackElo "2075"]
[PlyCount "47"]
[EventDate "1990.??.??"]

1. d4 Nf6 2. c4 e6 3. Nf3 b6 4. g3 Bb7 5. Bg2 Be7 6. O-O O-O 7. Nc3 Ne4 8. Qc2
Nxc3 9. Qxc3 c5 10. Qc2 Nc6 11. e3 Rc8 12. dxc5 bxc5 13. Rd1 d6 14. a3 Rc7 15.
e4 h6 16. Be3 Qa8 17. Bf4 e5 18. Be3 Nd4 19. Nxd4 cxd4 20. Bd2 Rfc8 21. b3 f5
22. Ba5 Rc5 23. Bb4 R5c7 24. Ba5 1/2-1/2

[Event "1991 Armed Forces Ch"]
[Site "?"]
[Date "1991.??.??"]
[Round "4"]
[White "Lane, P."]
[Black "Crook, C."]
[Result "1/2-1/2"]
[WhiteElo "2105"]
[BlackElo "2125"]
[PlyCount "47"]
[EventDate "1991.??.??"]

1. e4 c6 2. d4 d5 3. e5 Bf5 4. c3 e6 5. Be2 Qb6 6. Nf3 Be7 7. O-O Nd7 8. Nbd2
Nh6 9. Nb3 O-O-O 10. a4 a5 11. Bd2 Bg4 12. c4 dxc4 13. Nxa5 Bxf3 14. Bxf3 Qxd4
15. Qc1 Nxe5 16. Be3 Nxf3+ 17. gxf3 Qh4 18. Nxc4 Bd6 19. Nxd6+ Rxd6 20. Bf4 Rd5
21. a5 Kd7 22. a6 bxa6 23. Rxa6 Rc8 24. Rd1 1/2-1/2

[Event "1990 Army ch"]
[Site "?"]
[Date "1990.??.??"]
[Round "6"]
[White "Highley, E."]
[Black "Russell, J."]
[Result "1-0"]
[WhiteElo "1800"]
[BlackElo "1805"]
[PlyCount "47"]
[EventDate "1990.??.??"]

1. e4 e6 2. d4 d5 3. Nc3 Bb4 4. e5 Ne7 5. a3 Ba5 6. b4 Bb6 7. Nf3 h6 8. Bd3 a5
9. Bd2 Nbc6 10. Ne2 Ng6 11. O-O Nce7 12. Ng3 Bd7 13. c3 c6 14. Qc2 Bc7 15. Nh5
O-O 16. Qc1 Kh7 17. Nxg7 Kxg7 18. Bxh6+ Kh8 19. Bg5 Kh7 20. Bf6 Rh8 21. Bxg6+
fxg6 22. Ng5+ Kg8 23. Bxh8 Nf5 24. Bf6 1-0

[Event "1990 Armed forces ch"]
[Site "?"]
[Date "1990.??.??"]
[Round "9"]
[White "Balares, J."]
[Black "Regensberg, W."]
[Result "0-1"]
[WhiteElo "2155"]
[BlackElo "2125"]
[PlyCount "47"]
[EventDate "1990.??.??"]

1. e4 e6 2. d4 d5 3. Nc3 Bb4 4. a3 Bxc3+ 5. bxc3 dxe4 6. Qg4 Nf6 7. Qxg7 Rg8 8.
Qh6 Nbd7 9. Ne2 b6 10. Ng3 Bb7 11. Bg5 Qe7 12. Qh4 O-O-O 13. Bb5 c6 14. Be2 h6
15. Bxh6 Rh8 16. Qg5 Rdg8 17. Qd2 Ng4 18. Bxg4 Rxg4 19. h3 Rg6 20. Bf4 f5 21.
d5 Nf6 22. Be5 Rd8 23. Qe3 Nd7 24. Qf4 {Rest of score unintelligible.} 0-1

[Event "Air Force ch"]
[Site "?"]
[Date "1987.??.??"]
[Round "11"]
[White "Lank, J."]
[Black "Echaure, S."]
[Result "1-0"]
[WhiteElo "2140"]
[BlackElo "2110"]
[PlyCount "49"]
[EventDate "1987.??.??"]

1. c4 Nf6 2. g3 g6 3. Bg2 Bg7 4. Nc3 d6 5. e4 O-O 6. Nge2 e5 7. O-O Nc6 8. d3
a6 9. h3 Rb8 10. f4 exf4 11. gxf4 Ne8 12. f5 Qh4 13. Be3 gxf5 14. exf5 Nd4 15.
Rf4 Nxe2+ 16. Qxe2 Qd8 17. Raf1 Nf6 18. Ne4 Nxe4 19. Bxe4 Qf6 20. R1f2 Kh8 21.
Rg4 Rg8 22. Bg5 Qe5 23. Kh1 Bd7 24. Rh4 Bf6 25. Rxh7+ 1-0

[Event "1990 Army ch"]
[Site "?"]
[Date "1990.??.??"]
[Round "5"]
[White "Crook, C."]
[Black "Highley, E."]
[Result "1/2-1/2"]
[WhiteElo "1980"]
[BlackElo "1800"]
[PlyCount "50"]
[EventDate "1990.??.??"]

1. f4 d5 2. Nf3 g6 3. g3 Bg7 4. Bg2 Nf6 5. O-O O-O 6. d3 c5 7. c3 Nc6 8. Qc2 b6
9. e4 dxe4 10. dxe4 e6 11. Rd1 Qc7 12. e5 Nd5 13. Na3 Ba6 14. Ng5 Rad8 15. Ne4
f6 16. Bh3 f5 17. Qa4 Bc8 18. Nd6 a6 19. Bg2 b5 20. Qc2 c4 21. Rxd5 exd5 22.
Bxd5+ Kh8 23. Be3 Rxd6 24. exd6 Qxd6 25. Rd1 Qc7 1/2-1/2

[Event "1991 Armed Forces Ch"]
[Site "?"]
[Date "1991.??.??"]
[Round "10"]
[White "Crook, C."]
[Black "Hampel, R."]
[Result "1-0"]
[WhiteElo "2120"]
[BlackElo "2135"]
[PlyCount "49"]
[EventDate "1991.??.??"]

1. f4 d5 2. Nf3 Nf6 3. d3 Bf5 4. g3 e6 5. Bg2 Bd6 6. O-O Nbd7 7. Nc3 c6 8. e3
Qc7 9. Bd2 Bg6 10. Qe2 O-O-O 11. e4 dxe4 12. Nxe4 Nxe4 13. dxe4 f6 14. Kh1 Bf7
15. b4 h6 16. a4 g5 17. e5 fxe5 18. fxe5 Nxe5 19. Nxe5 Bxe5 20. Rxf7 Qxf7 21.
Qxe5 Qf5 22. Qc3 Qf2 23. Be3 Qe2 24. b5 Rd6 25. Qxh8+ 1-0

[Event "1990 Armed Forces ch"]
[Site "?"]
[Date "1990.??.??"]
[Round "4"]
[White "Teraoka, L."]
[Black "Crook, C."]
[Result "1-0"]
[WhiteElo "2210"]
[BlackElo "1980"]
[PlyCount "51"]
[EventDate "1990.??.??"]

1. e4 c6 2. d4 d5 3. exd5 cxd5 4. Bd3 Nc6 5. c3 g6 6. Bf4 Nh6 7. Nd2 Qb6 8. Qc2
Bf5 9. Bxf5 Nxf5 10. Ndf3 Bg7 11. Ne2 Rc8 12. Qd2 Na5 13. b3 O-O 14. g4 Nd6 15.
h4 Ne4 16. Qe3 f6 17. Rc1 Rce8 18. Bh6 e5 19. Bxg7 Kxg7 20. Rh2 exd4 21. Nfxd4
Qa6 22. h5 Nxc3 23. Qxc3 Nc6 24. hxg6 hxg6 25. Rc2 Nxd4 26. Qxd4 1-0

[Event "1990 Army ch"]
[Site "?"]
[Date "1990.??.??"]
[Round "2"]
[White "Regensberg, E."]
[Black "Highley, E."]
[Result "1-0"]
[WhiteElo "2090"]
[BlackElo "1800"]
[PlyCount "51"]
[EventDate "1990.??.??"]

1. d4 Nf6 2. c4 g6 3. Nc3 Bg7 4. e4 d6 5. f3 O-O 6. Be3 Nc6 7. Nge2 a6 8. Qd2
Rb8 9. Rb1 Bd7 10. b4 b5 11. cxb5 axb5 12. Nc1 e5 13. d5 Nd4 14. Nb3 Nxb3 15.
Rxb3 c6 16. dxc6 Bxc6 17. Be2 Qc7 18. O-O Rfd8 19. Rc1 Qb7 20. Ra3 Qd7 21. Rd1
Ne8 22. Nd5 Bxd5 23. Qxd5 Nc7 24. Qd3 d5 25. exd5 Qxd5 26. Qc2 1-0

[Event "1991 Armed Forces Ch"]
[Site "?"]
[Date "1991.??.??"]
[Round "8"]
[White "McCalmont, J."]
[Black "Crook, C."]
[Result "0-1"]
[WhiteElo "2140"]
[BlackElo "2125"]
[PlyCount "52"]
[EventDate "1991.??.??"]

1. e4 c6 2. d4 d5 3. exd5 cxd5 4. Bd3 Nc6 5. c3 g6 6. Bf4 Bg7 7. Nf3 Nh6 8. O-O
Bf5 9. Re1 Bxd3 10. Qxd3 O-O 11. Ng5 Qd7 12. Nd2 Qg4 13. Be3 Qd7 14. Bf4 Qg4
15. Qg3 Qxg3 16. hxg3 Rfe8 17. Re2 Rac8 18. Rae1 e6 19. Nb3 b5 20. Bd2 Nf5 21.
Nc5 b4 22. g4 bxc3 23. bxc3 Nfxd4 24. Rxe6 Nxe6 25. Ncxe6 fxe6 26. Nxe6 Ne5 0-1

[Event "1991 Armed Forces Ch"]
[Site "?"]
[Date "1991.??.??"]
[Round "8"]
[White "Lankey, B."]
[Black "Felsen, A."]
[Result "1-0"]
[WhiteElo "2185"]
[BlackElo "1975"]
[PlyCount "51"]
[EventDate "1991.??.??"]

1. d4 Nf6 2. Nf3 g6 3. c4 Bg7 4. Nc3 O-O 5. e4 d6 6. Be2 c6 7. Bg5 h6 8. Bf4
Nh5 9. Be3 Qc7 10. Qd2 Kh7 11. O-O-O Bd7 12. Kb1 a6 13. e5 f5 14. Nh4 f4 15.
Bxh5 g5 16. Bg6+ Kg8 17. Bc2 gxh4 18. Bxf4 h5 19. exd6 exd6 20. Ne4 Qb6 21.
Bxd6 Re8 22. Qg5 Qd8 23. Qxh5 Be6 24. Nf6+ Qxf6 25. Bh7+ Kh8 26. Bg6+ 1-0

[Event "1991 Armed Forces Ch"]
[Site "?"]
[Date "1991.??.??"]
[Round "6"]
[White "Hughes, A."]
[Black "Lankey, B."]
[Result "1-0"]
[WhiteElo "2085"]
[BlackElo "2185"]
[PlyCount "51"]
[EventDate "1991.??.??"]

1. e4 e6 2. d4 a6 3. Nf3 b5 4. Bd3 c5 5. c3 Bb7 6. O-O Qc7 7. Qe2 c4 8. Bc2 Nf6
9. Bg5 d5 10. Nbd2 dxe4 11. Nxe4 Nd5 12. Ne5 Nd7 13. f4 N7f6 14. f5 O-O-O 15.
fxe6 fxe6 16. Bh4 Re8 17. Bg3 Nxe4 18. Bxe4 Bd6 19. Rf7 Re7 20. Raf1 Rhe8 21.
Rxe7 Qxe7 22. Rf7 Qg5 23. Bf4 Qd8 24. Rxg7 Be7 25. Bg3 Rg8 26. Qg4 1-0

[Event "Air Force ch"]
[Site "?"]
[Date "1987.??.??"]
[Round "2"]
[White "Vitko, G."]
[Black "Echaure, S."]
[Result "1-0"]
[WhiteElo "2185"]
[BlackElo "2110"]
[PlyCount "53"]
[EventDate "1987.??.??"]

1. e4 c5 2. Nf3 e6 3. d4 cxd4 4. Nxd4 a6 5. g3 Nf6 6. Bg2 Nc6 7. O-O Be7 8.
Nxc6 dxc6 9. e5 Nd7 10. Qe2 Qc7 11. Re1 O-O 12. Bf4 Rd8 13. h4 b6 14. Nd2 Bb7
15. Rad1 Nf8 16. Bg5 Ng6 17. Bxe7 Nxe7 18. Nc4 c5 19. Bxb7 Qxb7 20. Nd6 Qc7 21.
Rd2 Nd5 22. f4 Qe7 23. a3 Rd7 24. c4 Nc7 25. Red1 Rad8 26. Qd3 Ne8 27. Nc8 1-0

[Event "Air Force ch"]
[Site "?"]
[Date "1991.??.??"]
[Round "2"]
[White "Richey, C."]
[Black "Waldowski, P."]
[Result "1/2-1/2"]
[WhiteElo "2115"]
[BlackElo "2180"]
[PlyCount "54"]
[EventDate "1991.??.??"]

1. d4 c5 2. d5 Nf6 3. c4 b5 4. cxb5 a6 5. bxa6 Bxa6 6. Nc3 d6 7. Nf3 g6 8. Nd2
Bg7 9. e4 Bxf1 10. Nxf1 O-O 11. Ne3 Nbd7 12. O-O Qc7 13. Nc4 Rfb8 14. Qc2 Nb6
15. Na3 Nfd7 16. Bf4 Ne5 17. Rfd1 Qd7 18. Nab5 Nbc4 19. a4 h5 20. h3 Na5 21. b3
Qb7 22. Rab1 Rc8 23. Bxe5 Bxe5 24. Qe2 Qd7 25. Rdc1 Rf8 26. Nd1 Nb7 27. Ne3 Bf4
1/2-1/2

[Event "1991 Armed Forces Ch"]
[Site "?"]
[Date "1991.??.??"]
[Round "1"]
[White "Regensberg, W."]
[Black "McMahon, D."]
[Result "1-0"]
[WhiteElo "2170"]
[BlackElo "2020"]
[PlyCount "53"]
[EventDate "1991.??.??"]

1. d4 Nf6 2. c4 g6 3. Nc3 Bg7 4. e4 O-O 5. f3 d6 6. Be3 Nbd7 7. Nge2 e5 8. Qd2
c6 9. d5 c5 10. g4 Ne8 11. Ng3 Nb6 12. Bd3 Bd7 13. h4 Qe7 14. O-O-O a5 15. Rdg1
Na4 16. Nxa4 Bxa4 17. h5 Nc7 18. Bh6 Bd7 19. Nf5 Bxf5 20. gxf5 Ne8 21. Bxg7
Nxg7 22. Qh6 Ne8 23. hxg6 fxg6 24. Rxg6+ hxg6 25. Qh8+ Kf7 26. Rh7+ Ng7 27.
Qxg7+ 1-0

[Event "1990 Armed Forces ch"]
[Site "?"]
[Date "1990.??.??"]
[Round "6"]
[White "Murillo, M."]
[Black "Crook, C."]
[Result "1-0"]
[WhiteElo "2230"]
[BlackElo "1980"]
[PlyCount "53"]
[EventDate "1990.??.??"]

1. d4 f5 2. Nf3 g6 3. g3 Nf6 4. Bg2 Bg7 5. O-O O-O 6. c4 d6 7. d5 Na6 8. Nc3
Qe8 9. Nd4 Bd7 10. Rb1 h6 11. a4 Ne4 12. Nxe4 fxe4 13. a5 Bf5 14. Ne6 Bxe6 15.
dxe6 c6 16. b4 Nc7 17. Bxe4 Rf6 18. Qd3 d5 19. Bf3 Rxe6 20. Bf4 dxc4 21. Qxc4
Nd5 22. Bg4 Nxf4 23. Bxe6+ Nxe6 24. Qxe6+ Kh8 25. Rfd1 Bf6 26. Rd7 Rb8 27. Rbd1
1-0

[Event "1991 AFCC Playoff (G2,G/30)"]
[Site "?"]
[Date "1991.??.??"]
[Round "?"]
[White "Moore, B."]
[Black "Lacno, D."]
[Result "1-0"]
[WhiteElo "2275"]
[BlackElo "2065"]
[PlyCount "53"]
[EventDate "1991.??.??"]

1. e4 d6 2. d4 g6 3. Nc3 Bg7 4. Be3 Nf6 5. h3 O-O 6. Nf3 c6 7. a4 a5 8. Be2 Na6
9. O-O Nb4 10. Qd2 e5 11. Rad1 Qc7 12. Ne1 Be6 13. f4 exd4 14. Bxd4 d5 15. f5
gxf5 16. exf5 Bd7 17. Qg5 Qd6 18. Nf3 Nxc2 19. Be5 Qc5+ 20. Kh1 h6 21. Qh4 Qe7
22. g4 Ne3 23. Rg1 Rfe8 24. Rd3 Nc4 25. g5 Nxe5 26. gxf6 Ng6 27. Rxg6 1-0

[Event "Air Force ch"]
[Site "?"]
[Date "1988.??.??"]
[Round "10"]
[White "Dean, M."]
[Black "Barcarola, L."]
[Result "1/2-1/2"]
[WhiteElo "2205"]
[BlackElo "2155"]
[PlyCount "53"]
[EventDate "1988.??.??"]

1. d4 d5 2. Nf3 Nf6 3. c4 e6 4. Nc3 Be7 5. Bg5 Nbd7 6. e3 O-O 7. Qc2 b6 8. cxd5
exd5 9. Bd3 Bb7 10. O-O c5 11. Rac1 h6 12. Bh4 Re8 13. Rfd1 Nh5 14. Bxe7 Qxe7
15. Bb5 Red8 16. dxc5 Nxc5 17. Nd4 Rac8 18. Qb1 g6 19. b4 Ne4 20. Nxe4 dxe4 21.
Qb2 Nf6 22. a3 Ng4 23. h3 Ne5 24. Rxc8 Rxc8 25. Rc1 Qg5 26. Kf1 Rxc1+ 27. Qxc1
1/2-1/2

[Event "1990 Army ch"]
[Site "?"]
[Date "1990.??.??"]
[Round "11"]
[White "Coleman, D."]
[Black "Highley, E."]
[Result "1/2-1/2"]
[WhiteElo "1935"]
[BlackElo "1800"]
[PlyCount "53"]
[EventDate "1990.??.??"]

1. Nf3 c5 2. e4 d6 3. Nc3 Nf6 4. d4 cxd4 5. Nxd4 a6 6. Bd3 e6 7. O-O Be7 8. Be3
O-O 9. Qd2 Nc6 10. f3 Qc7 11. Rad1 Bd7 12. Qe2 Nxd4 13. Bxd4 Bc6 14. Qf2 Nd7
15. Rfe1 Rfe8 16. Kh1 Bf8 17. Qg3 Rac8 18. a3 Nb6 19. e5 d5 20. Ne2 g6 21. Nf4
Bg7 22. h4 Nd7 23. Nh3 Ba4 24. h5 Nc5 25. Bxc5 Qxc5 26. Qf4 Bd7 27. hxg6
1/2-1/2

[Event "1990 Army ch"]
[Site "?"]
[Date "1990.??.??"]
[Round "3"]
[White "Brown, L."]
[Black "Highley, E."]
[Result "0-1"]
[WhiteElo "1910"]
[BlackElo "1800"]
[PlyCount "54"]
[EventDate "1990.??.??"]

1. e4 c5 2. Nc3 Nc6 3. f4 e6 4. Bc4 Nge7 5. Nf3 g6 6. O-O Bg7 7. e5 d6 8. Qe1
dxe5 9. fxe5 O-O 10. Nb5 a6 11. Nd6 Nxe5 12. Nxe5 Qxd6 13. Nf3 Nf5 14. c3 b5
15. Bb3 Bb7 16. g4 Ne7 17. Qh4 c4 18. Bd1 Qb6+ 19. Rf2 Nd5 20. Be2 Nf4 21. Kf1
Nxe2 22. Kxe2 Rad8 23. b3 Rd7 24. Ba3 Rfd8 25. Be7 Bxf3+ 26. Kxf3 Qb7+ 27. Kg3
Rd3+ 0-1

[Event "Air Force ch"]
[Site "?"]
[Date "1988.??.??"]
[Round "5"]
[White "Barcarola, L."]
[Black "Tate, E."]
[Result "1/2-1/2"]
[WhiteElo "2155"]
[BlackElo "2400"]
[PlyCount "54"]
[EventDate "1988.??.??"]

1. e4 c5 2. Nf3 d6 3. d4 cxd4 4. Nxd4 Nf6 5. Nc3 g6 6. Be2 Bg7 7. Be3 O-O 8.
O-O Nc6 9. Nb3 b6 10. f4 Nd7 11. Qd2 Na5 12. Kh1 Bb7 13. Nxa5 bxa5 14. Bf3 Nb6
15. Qd3 Rc8 16. Nd1 Nc4 17. Rf2 Ba6 18. c3 a4 19. b3 Nxe3 20. Qxa6 Nxd1 21.
Rxd1 axb3 22. axb3 Rxc3 23. Qxa7 Bh6 24. g3 e5 25. fxe5 Be3 26. Qa1 Rxb3 27.
Rff1 Rb6 1/2-1/2

[Event "1991 Armed Forces Ch"]
[Site "?"]
[Date "1991.??.??"]
[Round "12"]
[White "Regensberg, W."]
[Black "Murillo, M."]
[Result "0-1"]
[WhiteElo "2170"]
[BlackElo "2205"]
[PlyCount "56"]
[EventDate "1991.??.??"]

1. d4 Nf6 2. c4 g6 3. Nc3 Bg7 4. e4 O-O 5. f3 d6 6. Be3 b6 7. Nge2 Nbd7 8. Qd2
c5 9. Rd1 Ba6 10. b3 Qc7 11. Bh6 e6 12. h4 Bxh6 13. Qxh6 cxd4 14. Rxd4 d5 15.
exd5 exd5 16. Nxd5 Nxd5 17. Rxd5 Nf6 18. Rg5 Rfe8 19. h5 Rad8 20. hxg6 fxg6 21.
Rxg6+ hxg6 22. Qh8+ Kf7 23. Rh7+ Ke6 24. Qxf6+ Kxf6 25. Rxc7 Re7 26. Rxe7 Kxe7
27. Nc1 Kf6 28. b4 Bxc4 0-1

[Event "1990 Armed Forces ch"]
[Site "?"]
[Date "1990.??.??"]
[Round "7"]
[White "Murillo, M."]
[Black "Beszczynski, T."]
[Result "1/2-1/2"]
[WhiteElo "2230"]
[BlackElo "1910"]
[PlyCount "55"]
[EventDate "1990.??.??"]

1. e4 Nf6 2. e5 Nd5 3. d4 d6 4. Nf3 Bf5 5. Bc4 Nb6 6. Bb3 e6 7. O-O Be7 8. a4
a5 9. Nc3 dxe5 10. Nxe5 N8d7 11. Qf3 Nxe5 12. dxe5 c6 13. Ne4 Bxe4 14. Qxe4 Nd5
15. Bd2 Qc7 16. Rad1 O-O-O 17. Bc4 h6 18. f4 Bc5+ 19. Kh1 g6 20. Rb1 Ne7 21.
Qe1 Bb6 22. b4 Rd4 23. bxa5 Bc5 24. Qe2 Rhd8 25. Bc3 R4d7 26. Ba6 Qb8 27. Qc4
Qa7 28. Bb5 1/2-1/2